|
|
|
|
| LEADER |
00000nbm0a2200000 4500 |
| 001 |
131540 |
| 005 |
20231031134514.0 |
| 035 |
|
|
|a (RuTPU)RU\TPU\book\142466
|
| 090 |
|
|
|a 131540
|
| 100 |
|
|
|a 20080219d1965 k y0rusy50 ca
|
| 101 |
0 |
|
|a rus
|
| 102 |
|
|
|a RU
|
| 105 |
|
|
|a a m 001zy
|
| 200 |
0 |
|
|a Т. 1
|
| 210 |
|
|
|d 1965
|
| 215 |
|
|
|a 477 л.
|c ил.
|
| 320 |
|
|
|a Библиогр.: с. 448-473 (416 назв.).
|
| 461 |
|
|
|t Геология и особенности редкометальной минерализации района Уволжского грабена (Енисейский кряж)
|o диссертация на соискание ученой степени кандидата геолого-минералогических наук
|f А. Д. Ножкин
|g Томский политехнический институт ; науч. рук. В. К. Черепнин
|v Т. 1
|n [Б. и.]
|d 1965
|
| 610 |
1 |
|
|a геология
|
| 610 |
1 |
|
|a редкие металлы
|
| 610 |
1 |
|
|a Енисейский кряж
|
| 610 |
1 |
|
|a Красноярский край
|
| 610 |
1 |
|
|a геологическая изученность
|
| 610 |
1 |
|
|a стратиграфия
|
| 610 |
1 |
|
|a тектоника
|
| 610 |
1 |
|
|a интрузивный магматизм
|
| 610 |
1 |
|
|a Ногатинский гранитный массив
|
| 610 |
1 |
|
|a контактовый ореол
|
| 610 |
1 |
|
|a редкоземельно-радиоактивная минерализация
|
| 610 |
1 |
|
|a редкометальная минерализация
|
| 610 |
1 |
|
|a диссертации
|
| 675 |
|
|
|a 553.493.5(04)
|v 3
|
| 801 |
|
1 |
|a RU
|b 63413507
|c 20080219
|g PSBO
|
| 801 |
|
2 |
|a RU
|b 63413507
|c 20090911
|g PSBO
|
| 942 |
|
|
|c BK
|